000 00545cam a22001934a 4500
005 20250605164223.0
008 250528s ||||||||||||||||||||||||d
035 _a20759
020 _a9603330213
040 _aGR-AtMCL
_bgre
_dGR-AtMCL
_eAACR2
245 1 _aΤΟ ΙΔΕΟΛΟΓΙΚΟ ΜΗΝΥΜΑ ΤΟΥ ΕΛΛΗΝΙΣΜΟΥ ΣΤΗΝ ΑΓΩΓΗ ΤΟΥ ΑΝΘΡΩΠΟΥ
250 _a2
260 _bΓρηγορης,
_c1992
300 _a62
700 1 _aΤζανη Μαρια
_96729
942 _cBK
999 _c5843
_d5843